Fictional Bars and Restaurants - Statistics

General Stats
  • This quiz has been taken 72 times
    51 since last reset
  • The average score is 8 of 18
Answer Stats
Hint Answer % Correct
Moe's Tavern The Simpsons
91%
Krusty Krab Spongebob Squarepants
89%
Central Perk Friends
76%
The Drunken Clam Family Guy
71%
Cheers Cheers
69%
Pizza Planet Toy Story
49%
The Leaky Cauldron Harry Potter
42%
Rick's Cafe Americain Casablanca
36%
Bada Bing! The Sopranos
36%
Los Pollos Hermanos Breaking Bad
33%
Maclaren's Pub How I Met Your Mother
29%
Paddy's Irish Pub It's Always Sunny in Philadelphia
29%
Jack Rabbit Slim's Pulp Fiction
24%
The Max Saved By The Bell
24%
Monk's Cafe Seinfeld
22%
Freddy's Barbeque Joint House of Cards
18%
The Hub That 70s Show
9%
Stan Mikita's Donuts Wayne's World
4%
No matching quizzes found
Score Distribution
Percent of People with Each Score
Percentile by Number Answered
Your Score History
You have not taken this quiz since the last reset